Modernizácia obvodovej steny so špecifickou geometriou

Bibliographic Details
Main Authors: Bielek, Boris, 1964- (Author), Bielek, Milan, 1938- (Author)
Format: Article
Language:Slovak

MARC

LEADER 00000nab a2200000ua 4500
001 vtls010854963
003 SK-MaSNL
005 20260303141411.0
008 230222s2012 xo |||||||||||||||||slo|
035 |a (urnnbn)urn:nbn:sk:snk:ar-a07gpg 
035 |a urn:nbn:sk:snk-ab6ee3 
035 |a (uuid)31996386-e748-4587-a1f4-8eb414da02c8 
040 |a SNKBUCL  |b slo  |c SNKBUCL  |e AACR2 
041 0 |a slo 
044 |a xo  |c SK 
100 1 |a Bielek, Boris,  |d 1964-  |4 aut  |9 213816 
245 1 0 |a Modernizácia obvodovej steny so špecifickou geometriou  |c Boris Bielek, Milan Bielek 
700 1 |a Bielek, Milan,  |d 1938-  |4 aut  |9 213821 
773 0 |t Stavebné materiály : technológie, výrobky, konštrukcie  |g Roč. 8, č. 3 (2012), s. 28-31 
954 |a odborná, vedecká literatúra pôvodná (slovenská)  |2 lita 
958 |a OND 
958 |a EUIPO 
958 |a article5 
999 |c 1976027  |d 1977957